1998 1745 1018 1080 1299 1595 1244 1935 1263 1436 1594 1346 1376 1358 1606 1808 1563 1837 1623 1084 1387 1844 1006 1988 1849 1445 1512 1521 1064 1944 1802 1274 1303 1946 1029 1847 1710 1047 1470 1986 1457 1762 1221 1858 1161 1958 1551 1327 1343 1780 1303 1788 1317 1730 1871 1106 1146 1297 1150 1655 1955 1275 1844 1360 1875 1558 1766 1191 1181 1871 1637 1379 1846 1151 1831 1308 1417 1291 1185 1447 1791 1237 1350 1640 1349 1583 1489 1769 1638 1331 1725 1253 1223 1403 1195 1469 1855 1543 1134 BCNSPRNW ULIB Ver.6.0+V

เปลี่ยนเป็นภาษาไทย

Change to English
 แสดงรายละเอียดบรรณานุกรม
  กลับหน้าหลัก

Brief Record : Get Marc (ISO 2709) : E-mail record : QR code < ปิดหน้าต่าง
LEADER : 00000nam 2200000uu 4500
001    13399124587
003     ULIB
008    151014s2557||||th 000 0 tha d
020    ^a9786169191117
060  0 ^aWB400^bส143พ
100 0  ^aส่งศรี แก้วถนอม
245 00 ^aพยาบาลโภชนบำบัด =^bNutrition support nurse /^cบรรณาธิการ,ส่งศรี แก้วถนอม, บุชชา พราหมณสุทธิ์, สรนิต ศิลธรรม
246 31 ^aNutrition support nurse
250    ^aพิมพ์ครั้งที่ 1
260    ^aกรุงเทพฯ :^bสมาคมผู้ให้อาหารทางหลอดเลือดดำและทางเดินอาหารแห่งประเทศไทย,^c2557
300    ^aก-ค, 268 หน้า :^bภาพประกอบ ;^c21 ซม.
500    ^aวิทยาศาสตร์พื้นฐาน
650  2 ^aDiet Therapy
650  2 ^aNursing
650  4 ^aโภชนบำบัด
650  4 ^aพยาบาล
653    ^aผลงานอาจารย์คณะแพทยศาสตร์ศิริราชพยาบาล
700 0  ^aส่งศรี แก้วถนอม,^eบรรณาธิการ
700 0  ^aบุชชา พราหมณสุทธิ์,^eบรรณาธิการ
700 0  ^aสรนิต ศิลธรรม,^eบรรณาธิการ
710 2  ^aสมาคมผู้ให้อาหารทางหลอดเลือดดำและทางเดินอาหารแห่งประเทศไทย
945    ^p250^l0^i23211
945    ^p250^l0^i23212
945    ^p250^l0^i23213
945    ^p250^l0^i23214
945    ^p250^l0^i23215
945    ^p250^l0^i23216
945    ^p250^l0^i23217
945    ^p250^l0^i23218
945    ^p250^l0^i23219
945    ^p250^l0^i23220
945    ^p250^l0^i23221
945    ^p250^l0^i23222
945    ^p250^l0^i23223
945    ^p250^l0^i23224
945    ^p250^l0^i23225
999    ^aทศพร เกษรทอง
รายการนี้ยังไม่มีแท็ก
คุณยังไม่ได้ล็อกอิน คุณสามารถมีกิจกรรมร่วมกับเว็บไซต์ได้ แต่ต้องล็อกอินก่อน ::
  ล็อกอิน

รายการสื่อสารสนเทศ

ลำดับที่ ประเภท เลขเรียก/บาร์โค้ด สถานที่ สถานะ
1. วิทยาศาสตร์การแพทย์ และสุขภาพ
วิทยาศาสตร์การแพทย์ และสุขภาพ
สถานะ=หนังสือเก่า
WB400 ส143พ ฉ.1 
  Barcode: 23211
ห้องสมุดวิทยาเขตนครสวรรค์
►ส่วนจัดเก็บหนังสือเก่า นว.
บนชั้น
  ขอยืม
2. วิทยาศาสตร์การแพทย์ และสุขภาพ
วิทยาศาสตร์การแพทย์ และสุขภาพ
สถานะ=หนังสือเก่า
WB400 ส143พ ฉ.10 
  Barcode: 23220
ห้องสมุดวิทยาเขตนครสวรรค์
►ส่วนจัดเก็บหนังสือเก่า นว.
บนชั้น
  ขอยืม
3. วิทยาศาสตร์การแพทย์ และสุขภาพ
วิทยาศาสตร์การแพทย์ และสุขภาพ
สถานะ=หนังสือเก่า
WB400 ส143พ ฉ.11 
  Barcode: 23221
ห้องสมุดวิทยาเขตนครสวรรค์
►ส่วนจัดเก็บหนังสือเก่า นว.
บนชั้น
  ขอยืม
4. วิทยาศาสตร์การแพทย์ และสุขภาพ
วิทยาศาสตร์การแพทย์ และสุขภาพ
สถานะ=หนังสือเก่า
WB400 ส143พ ฉ.12 
  Barcode: 23222
ห้องสมุดวิทยาเขตนครสวรรค์
►ส่วนจัดเก็บหนังสือเก่า นว.
บนชั้น
  ขอยืม
5. วิทยาศาสตร์การแพทย์ และสุขภาพ
วิทยาศาสตร์การแพทย์ และสุขภาพ
สถานะ=หนังสือเก่า
WB400 ส143พ ฉ.13 
  Barcode: 23223
ห้องสมุดวิทยาเขตนครสวรรค์
►ส่วนจัดเก็บหนังสือเก่า นว.
บนชั้น
  ขอยืม
6. วิทยาศาสตร์การแพทย์ และสุขภาพ
วิทยาศาสตร์การแพทย์ และสุขภาพ
สถานะ=หนังสือเก่า
WB400 ส143พ ฉ.14 
  Barcode: 23224
ห้องสมุดวิทยาเขตนครสวรรค์
►ส่วนจัดเก็บหนังสือเก่า นว.
บนชั้น
  ขอยืม
7. วิทยาศาสตร์การแพทย์ และสุขภาพ
วิทยาศาสตร์การแพทย์ และสุขภาพ
สถานะ=หนังสือเก่า
WB400 ส143พ ฉ.15 
  Barcode: 23225
ห้องสมุดวิทยาเขตนครสวรรค์
►ส่วนจัดเก็บหนังสือเก่า นว.
บนชั้น
  ขอยืม
8. วิทยาศาสตร์การแพทย์ และสุขภาพ
วิทยาศาสตร์การแพทย์ และสุขภาพ
สถานะ=หนังสือเก่า
WB400 ส143พ ฉ.2 
  Barcode: 23212
ห้องสมุดวิทยาเขตนครสวรรค์
►ส่วนจัดเก็บหนังสือเก่า นว.
บนชั้น
  ขอยืม
9. วิทยาศาสตร์การแพทย์ และสุขภาพ
วิทยาศาสตร์การแพทย์ และสุขภาพ
สถานะ=หนังสือเก่า
WB400 ส143พ ฉ.3 
  Barcode: 23213
ห้องสมุดวิทยาเขตนครสวรรค์
►ส่วนจัดเก็บหนังสือเก่า นว.
บนชั้น
  ขอยืม
10. วิทยาศาสตร์การแพทย์ และสุขภาพ
วิทยาศาสตร์การแพทย์ และสุขภาพ
สถานะ=หนังสือเก่า
WB400 ส143พ ฉ.4 
  Barcode: 23214
ห้องสมุดวิทยาเขตนครสวรรค์
►ส่วนจัดเก็บหนังสือเก่า นว.
บนชั้น
  ขอยืม
11. วิทยาศาสตร์การแพทย์ และสุขภาพ
วิทยาศาสตร์การแพทย์ และสุขภาพ
สถานะ=หนังสือเก่า
WB400 ส143พ ฉ.5 
  Barcode: 23215
ห้องสมุดวิทยาเขตนครสวรรค์
►ส่วนจัดเก็บหนังสือเก่า นว.
บนชั้น
  ขอยืม
12. วิทยาศาสตร์การแพทย์ และสุขภาพ
วิทยาศาสตร์การแพทย์ และสุขภาพ
สถานะ=หนังสือเก่า
WB400 ส143พ ฉ.6 
  Barcode: 23216
ห้องสมุดวิทยาเขตนครสวรรค์
►ส่วนจัดเก็บหนังสือเก่า นว.
บนชั้น
  ขอยืม
13. วิทยาศาสตร์การแพทย์ และสุขภาพ
วิทยาศาสตร์การแพทย์ และสุขภาพ
สถานะ=หนังสือเก่า
WB400 ส143พ ฉ.7 
  Barcode: 23217
ห้องสมุดวิทยาเขตนครสวรรค์
►ส่วนจัดเก็บหนังสือเก่า นว.
บนชั้น
  ขอยืม
14. วิทยาศาสตร์การแพทย์ และสุขภาพ
วิทยาศาสตร์การแพทย์ และสุขภาพ
สถานะ=หนังสือเก่า
WB400 ส143พ ฉ.8 
  Barcode: 23218
ห้องสมุดวิทยาเขตนครสวรรค์
►ส่วนจัดเก็บหนังสือเก่า นว.
บนชั้น
  ขอยืม
15. วิทยาศาสตร์การแพทย์ และสุขภาพ
วิทยาศาสตร์การแพทย์ และสุขภาพ
สถานะ=หนังสือเก่า
WB400 ส143พ ฉ.9 
  Barcode: 23219
ห้องสมุดวิทยาเขตนครสวรรค์
►ส่วนจัดเก็บหนังสือเก่า นว.
บนชั้น
  ขอยืม

รายการใกล้เคียง
    ผู้แต่ง [ส่งศรี แก้วถนอม]

    หัวเรื่อง [Diet Therapy]
    หัวเรื่อง [Nursing]
    หัวเรื่อง [โภชนบำบัด]
    หัวเรื่อง [พยาบาล]

BibComment


ยังไม่เคยถูกคอมเมนท์

คอมเมนท์ทรัพยากรรายการนี้
  คอมเมนท์: พยาบาลโภชนบำบัด ..


 Copyright 2026. Bcnsprnw @Library